000 00352nam a2200157Ia 4500
008 210210b1963 xxu||||| |||| 00| 0 eng d
041 _aeng
082 _a829/1400
100 _aWEST (J)
245 _aDrovers road
260 _aLondon
_bNot Mentioned
_c1963
650 _aroad
650 _aDrovers
690 _aEnglish Fiction
906 _a018009
999 _c137904
_d137904